logo

Bir Sreshtho Munshi Abdur Rouf Library
Jhenaidah Cadet College

The Ecinomic Development of Continental Europe 1780-1870 / (Record no. 5271)

MARC details
000 -LEADER
fixed length control field 00640nam a2200229 a 4500
001 - CONTROL NUMBER
JCCL Control Number 5271
003 - CONTROL NUMBER IDENTIFIER
JCCL marc code BD-JhCC
005 - DATE AND TIME OF LATEST TRANSACTION
control field 20171211193110.0
008 - FIXED-LENGTH DATA ELEMENTS--GENERAL INFORMATION
fixed length control field 171211s1973 e a|||| || | 000 0 eng d
035 ## - SYSTEM CONTROL NUMBER
system control number (BD-JhCC)5271
040 ## - CATALOGING SOURCE
Original cataloging agency BD-JhCC
Modifying agency BD-JhCC
041 ## - LANGUAGE CODE
Language code of Book eng
082 ## - DEWEY DECIMAL CLASSIFICATION NUMBER
Classification number 330.04
Author mark and Year MIL 1973
100 ## - MAIN ENTRY--PERSONAL NAME
Personal name Millward Alan S.
245 ## - TITLE STATEMENT
Title The Ecinomic Development of Continental Europe 1780-1870 /
Statement of responsibility, etc Alan S. Millward, S. B. Saul
260 ## - PUBLICATION, DISTRIBUTION, ETC. (IMPRINT)
Place of publication, distribution, etc London :
Name of publisher, distributor, etc George Allen & Unwin Ltd,
Date of publication, distribution, etc 1973.
300 ## - PHYSICAL DESCRIPTION
Pagination 548 p. :
Dimensions 22 cm.
650 ## - SUBJECT ADDED ENTRY--TOPICAL TERM
Topical term or geographic name as entry element Economics History
Geographic subdivision Europe
700 ## - ADDED ENTRY--PERSONAL NAME
Personal name Saul, S. B.
942 ## - ADDED ENTRY ELEMENTS (KOHA)
Source of classification or shelving scheme Dewey Decimal Classification
Koha item type Books
Holdings
Source of classification or shelving scheme Damaged status Not for loan Home library Current library Shelving location Date of accession Total Checkouts Full call number Barcode Date last seen Copy number Koha item type
Dewey Decimal Classification     JCC Rouf Library JCC Rouf Library General Stacks 12/11/2017   330.04 MIL 1973 7182 12/11/2017 C-1 Books

JCC Library | Contacts | JCC Home

Last Update on 23 September 2017
Copyright @ 2017-2020 JCC Rouf Library
Rouf Library, Jhenidah Cadet College (JCC), Bangladesh